Any Top 4 Cities by State Quiz - Statistics

General Stats
  • This quiz has been taken 57 times
  • The average score is 23 of 25
Answer Stats
State City % Correct
Texas Dallas | Houston | San Antonio | Austin
100%
California Los Angeles | San Francisco | San Diego | Sacramento
100%
Florida Miami | Orlando | Tampa | Jacksonville
100%
New York New York City | Buffalo | Rochester | Albany
100%
Pennsylvania Philadelphia | Pittsburgh | Harrisburg | Allentown
100%
Illinois Chicago | Rockford | Peoria | Springfield
98%
Washington Seattle | Spokane | Kennewick | Yakima
98%
Ohio Cleveland | Cincinnati | Columbus | Dayton
96%
Georgia Atlanta | Augusta | Savannah | Columbus
95%
Massachusetts Boston | Springfield | Pittsfield | Vineyard Haven
95%
Michigan Detroit | Grand Rapids | Lansing | Kalamazoo
95%
Nevada Las Vegas | Reno | Elko | Fallon
95%
Arizona Phoenix | Tucson | Prescott Valley | Lake Havasu City
95%
North Carolina Charlotte | Raleigh | Greenboro | Fayetteville
93%
Colorado Denver | Colorado Springs | Fort Collins | Pueblo
93%
Oregon Portland | Eugene | Medford | Bend
93%
Indiana Indianapolis | South Bend | Fort Wayne | Evansville
91%
Minnesota Minneapolis | Duluth | Rochester | Mankato
91%
Tennessee Nashville | Memphis | Knoxville | Chattanooga
91%
Oklahoma Oklahoma City | Tulsa | Lawton | Stillwater
91%
Missouri St. Louis | Kansas City | Springfield | Columbia
91%
Maryland Baltimore | Salisbury | Hagerstown | Lexington Park
89%
Wisconsin Milwaukee | Madison | Appleton | Green Bay
89%
Virginia Virginia Beach | Richmond | Roanoke | Lynchburg
87%
Kentucky Louisville | Lexington | Bowling Green | London
82%
No matching quizzes found
Score Distribution
Percent of People with Each Score
Percentile by Number Answered
Your Score History
You have not taken this quiz